Départements français - Tapez le numéro - Statistiques

Statistiques générales
  • Ce quiz a été pris 1 205 fois
  • Le résultat moyen est 47 sur 101
Réponses sur la Carte
Les réponses sont colorées sur une échelle allant du rouge au vert en fonction du pourcentage des utilisateurs qui les ont devinées à leur premier essai. Vous pouvez retrouver ces pourcentages ci-dessous.
 
Statistiques - réponses
Départements % Correct
13 - Bouches-du-Rhône
57%
75 - Paris
57%
33 - Gironde
56%
59 - Nord
54%
06 - Alpes-Maritimes
53%
14 - Calvados
53%
2A - Corse-du-Sud
53%
44 - Loire-Atlantique
53%
93 - Seine-Saint-Denis
53%
02 - Aisne
52%
83 - Var
52%
94 - Val-de-Marne
52%
05 - Hautes-Alpes
51%
29 - Finistère
51%
40 - Landes
51%
50 - Manche
51%
73 - Savoie
51%
78 - Yvelines
51%
92 - Hauts-de-Seine
51%
2B - Haute-Corse
50%
30 - Gard
50%
64 - Pyrénées-Atlantiques
50%
67 - Bas-Rhin
50%
91 - Essonne
50%
04 - Alpes-de-Haute-Provence
49%
08 - Ardennes
49%
17 - Charente-Maritime
49%
34 - Hérault
49%
35 - Ille-et-Vilaine
49%
56 - Morbihan
49%
62 - Pas-de-Calais
49%
69 - Rhône (et métropole de Lyon)
49%
74 - Haute-Savoie
49%
76 - Seine-Maritime
49%
971 - Guadeloupe
49%
974 - La Réunion
49%
09 - Ariège
48%
22 - Côtes-d'Armor
48%
42 - Loire
48%
66 - Pyrénées-Orientales
48%
77 - Seine-et-Marne
48%
84 - Vaucluse
48%
973 - Guyane
48%
11 - Aude
47%
31 - Haute-Garonne
47%
57 - Moselle
47%
68 - Haut-Rhin
47%
85 - Vendée
47%
90 - Territoire de Belfort
47%
95 - Val-d'Oise
47%
972 - Martinique
47%
976 - Mayotte
47%
03 - Allier
46%
16 - Charente
46%
53 - Mayenne
46%
60 - Oise
46%
01 - Ain
45%
24 - Dordogne
45%
38 - Isère
45%
54 - Meurthe-et-Moselle
45%
07 - Ardèche
44%
12 - Aveyron
44%
25 - Doubs
44%
26 - Drôme
44%
27 - Eure
44%
39 - Jura
44%
65 - Hautes-Pyrénées
44%
80 - Somme
44%
15 - Cantal
43%
21 - Côte-d'Or
43%
32 - Gers
43%
45 - Loiret
43%
55 - Meuse
43%
61 - Orne
43%
63 - Puy-de-Dôme
43%
28 - Eure-et-Loir
42%
49 - Maine-et-Loire
42%
72 - Sarthe
42%
79 - Deux-Sèvres
42%
86 - Vienne
42%
88 - Vosges
42%
89 - Yonne
42%
10 - Aube
41%
37 - Indre-et-Loire
41%
51 - Marne
41%
58 - Nièvre
41%
70 - Haute-Saône
41%
71 - Saône-et-Loire
41%
81 - Tarn
41%
82 - Tarn-et-Garonne
41%
87 - Haute-Vienne
41%
18 - Cher
40%
19 - Corrèze
40%
23 - Creuse
40%
36 - Indre
38%
41 - Loir-et-Cher
38%
43 - Haute-Loire
38%
46 - Lot
38%
47 - Lot-et-Garonne
38%
48 - Lozère
38%
52 - Haute-Marne
37%
Aucun quiz correspondant
Distribution des résultats
% des personnes avec chaque résultat
Percentile par nombre de réponses
Votre historique - résultats
Vous n’avez pas pris ce quiz